| 000 | 01127nam0a2200325 4500 | ||
|---|---|---|---|
| 001 | RU\NLR\bibl\63346 | ||
| 005 | 20260409065451.0 | ||
| 010 |
_a5-86789-099-6 _91000 |
||
| 035 | _a(NLR Aleph) 000061813 | ||
| 090 |
_a337053 _c337053 |
||
| 100 | _a19991214d1999 |||y0rusy50 ca | ||
| 101 | 0 | _arus | |
| 102 | _aRU | ||
| 105 | _ay ||||||||| | ||
| 200 | 1 |
_aНеформальная грамматика английского языка _eГлагол, времена и основные конструкции _fМ.В. Капустин |
|
| 210 |
_aСПб. _cБ. и. _d1999 |
||
| 215 |
_a261 с. _d20 |
||
| 225 | 1 | _aEnglish at easy | |
| 606 |
_aАнглийский язык _xГрамматика _jУчебные издания _3RU\NLR\auth\6644367 _9969198 |
||
| 686 | _aШ143.21-93рус-2 | ||
| 700 | 1 |
_aКапустин _bМ. В. _gМихаил Васильевич _4070 |
|
| 801 | 0 |
_aRU _bNLR _c19991214 _gPSBO |
|
| 801 | 1 |
_aRU _bNLR _c19991214 |
|
| 830 | _aавт.по кн. | ||
| 852 |
_aNLR _j99-3/15724 |
||
| 942 | _cBOOK | ||
| 980 | _aNB | ||